Managing the public service in developing countries : (Record no. 542635)
[ view plain ]
| 000 -LEADER | |
|---|---|
| fixed length control field | 00690cam a2200169 a 4500 |
| 020 ## - INTERNATIONAL STANDARD BOOK NUMBER | |
| International Standard Book Number | 0821302434 (pbk.) |
| 082 00 - DEWEY DECIMAL CLASSIFICATION NUMBER | |
| Classification number | 351.1091724 |
| Author Mark | OZG |
| -- | D |
| 100 1# - MAIN ENTRY--PERSONAL NAME | |
| Personal name | Ozgediz, Selcuk, |
| 9 (RLIN) | 37885 |
| 245 10 - TITLE STATEMENT | |
| Title | Managing the public service in developing countries : |
| Remainder of title | issues and prospects / |
| Statement of responsibility, etc. | Selcuk Ozgediz, assisted by Paramjit Sachdeva. |
| 260 ## - PUBLICATION, DISTRIBUTION, ETC. | |
| Place of publication, distribution, etc. | Washington, D.C., U.S.A. : |
| Name of publisher, distributor, etc. | World Bank, |
| Date of publication, distribution, etc. | c1983. |
| 300 ## - PHYSICAL DESCRIPTION | |
| Extent | 84 p. ; |
| Dimensions | 28 cm. |
| 490 1# - SERIES STATEMENT | |
| Series statement | World Bank staff working papers ; |
| -- | Management and development series ; |
| 526 ## - STUDY PROGRAM INFORMATION NOTE | |
| Program name | 0 |
| Interest level | 0 |
| Reading level | 0 |
| Title point value | 351_109172400000000_OZG |
| 650 #0 - SUBJECT ADDED ENTRY--TOPICAL TERM | |
| Topical term or geographic name entry element | Civil service |
| Geographic subdivision | Developing countries |
| General subdivision | Personnel management. |
| 9 (RLIN) | 37886 |
| 700 1# - ADDED ENTRY--PERSONAL NAME | |
| Personal name | Sachdeva, Paramjit. |
| 9 (RLIN) | 37887 |
| 942 ## - ADDED ENTRY ELEMENTS (KOHA) | |
| Source of classification or shelving scheme | |
| Koha item type | Book |
| Withdrawn status | Lost status | Source of classification or shelving scheme | Damaged status | Not for loan | Permanent Location | Current Location | Date acquired | Total Checkouts | Full call number | Barcode | Date last seen | Price effective from | Koha item type |
|---|---|---|---|---|---|---|---|---|---|---|---|---|---|
| Military College of Engineering (MCE) | Military College of Engineering (MCE) | 02/06/2014 | 351.1091724 OZG | MCE-42486 | 02/06/2014 | 02/06/2014 | Book |
